000 00573nam a2200229Ia 4500
003 OSt
005 20221005124151.0
006 a|||||r|||| 00| 0
007 ta
008 221004b |||||||| |||| 00| 0 eng d
024 _a36828
037 _cTextual
040 _aCRL
_cCRL
_beng
041 _2eng
_aeng
082 _aO:2:9, J4
100 _aDisher M. Willson
_9634790
245 0 _aMelodrama, plots that thrilled
260 _c1964
650 _aENGLISH LITERATURE
942 _hO:2:9, J4
_cTEXL
_2cc
999 _c1049640
_d1049640